00561nab a2200181 uc450000100070000000500170000700800410002403500110006503500210007604000130009704100080011010000300011824500300014865000150017865000320019365000300022577301240025534057220240201131026.0990303nuuuuuuuu spa  a340572 a(OCoLC)819773038 ccomduadb aspa10aSantana, Lazaro4auteaut13aEl modernismo en Canarias aModernismo 7aLiteratura española2lemb aIslas Canarias (España)0 tQuimera : Revista de Literatura (Barcelona)gNúmero 153-154, Diciembre-Enero 1997, p. 90-94w111265x0211-3325089608